Sports Quiz

Random Sports or Baseball Quiz

Cardinals Hall-of-Famers Quiz Stats

 Plays Quiz not verified by Sporcle

Challenge
Share
Tweet
Embed
Score 0/44 Timer 15:00
0 Plays Today
Years Played with Cardinals Player % Correct
1982-1996Ozzie Smith
93.9%
1942-1963Stan Musial
93.9%
1959-1975Bob Gibson
92.8%
1964-1979Lou Brock
90.1%
1915-1926, 1933Rogers Hornsby
87.8%
1932-1937Dizzy Dean
87.2%
1945-1956, 1961-1963Red Schoendienst
71.9%
1981-1984Bruce Sutter
71%
1938-1953Enos Slaughter
69.3%
1932-1940, 1947-1948Joe Medwick
64.6%
2009John Smoltz
63.2%
1965-1971Steve Carlton
62.6%
1936-1941Johnny Mize
60.9%
1927-1937Frankie Frisch
60.9%
1966-1968Orlando Cepeda
59.4%
1969-1974Joe Torre
57.9%
1996-1997Dennis Eckersley
51.9%
1926-1929Pete Alexander
51.9%
1922-1932Jim Bottomley
49.9%
1899-1900Cy Young
38.6%
1920-1937Jesse Haines
35.4%
1933-1937Leo Durocher
31.9%
Years Played with Cardinals Player % Correct
1924-1931Chick Hafey
27%
1903Mordecai Brown
23.8%
1926-1929Billy Southworth
22.3%
1933-1934Dazzy Vance
22%
1909-1912Roger Bresnahan
22%
1900John McGraw
22%
1910-1916Miller Huggins
19.7%
1957Hoyt Wilhelm
18.8%
1927-1928Rabbit Maranville
18.6%
1933-1934Burleigh Grimes
18%
1899-1901Jesse Burkett
16.8%
1904-1907Jake Beckley
14.8%
1904-1905Kid Nichols
14.2%
1900Wilbert Robinson
13.9%
1936Walter Alston
13.3%
1888-1891Tommy McCarthy
13.3%
1899-1901, 1917-1918Bobby Wallace
13%
1894-1897Roger Connor
12.5%
1892Pud Galvin
11.9%
1882-1890, 1892Charlie Comiskey
10.4%
1910Vic Willis
7.8%
1891Clark Griffith
4.6%

You're not logged in!

Compare scores with friends on all Sporcle quizzes.
Join for Free
OR
Log In

You Might Also Like...

Show Comments

Extras

Top Quizzes Today


Score Distribution

Your Account Isn't Verified!

In order to create a playlist on Sporcle, you need to verify the email address you used during registration. Go to your Sporcle Settings to finish the process.

Report this User

Report this user for behavior that violates our Community Guidelines.

Details: